| 000 | 01362cam a2200193 4500 | ||
|---|---|---|---|
| 001 | ##L132477 | ||
| 008 | 060213n2006 000 0 eng u | ||
| 035 | _a(Sirsi) u132477 | ||
| 041 | 0 | _aeng | |
| 050 | 0 | 4 | _a333.715 $2 18 |
| 110 | 1 |
_aUnited Kingdom _bOffice of the Deputy Prime Minister |
|
| 245 | 0 | 0 |
_aLand use change in England _b residential development to 2004 - January update |
| 260 |
_aLondon _bODPM _c2006 |
||
| 520 | _aProvides a January 2006 update of data on residential development in England including the 2004 estimate of the proportion of new building built on previously-developed land and average densities of new dwellings. Key results were: 72% of new buildings were built on previously-developed land, including conversions, in 2004 compared with 70% in 2003 and 67% in 2002 and new dwellings were built in 2004 at an average density of 40 dwellings per hectare up on 34 in 2003 and 25 in 2002. Information is also presented regionally. The statistics are based on changes in land use recorded for the ODPM by Ordnance Survey during their map revision work up to the first nine months of 2005. | ||
| 590 | _aIKA140206 | ||
| 690 | _aPROPERTY-RESIDENTIAL PROPERTY-RESIDENTIAL PROPERTY DEVELOPMENT | ||
| 856 | 4 | 0 |
_uhttps://www.communities.gov.uk/index.asp?id=1163304 _zView the statistics free of charge at www.dclg.gov.uk... |
| 942 | _n0 | ||
| 999 |
_c105145 _d105145 |
||